Algunos cambios operados en la doctrina del dispensacionalismo por dispensacionalistas contemporáneos (Registro nro. 51150)
[ vista simple ]
| 000 -LÍDER | |
|---|---|
| Campo fijo de descripción fija | 01087cab a2200229 i 4500 |
| 001 - NÚMERO DE CONTROL | |
| Campo de control | 768714001 |
| 003 - IDENTIFICADOR DEL NÚMERO DE CONTROL | |
| Campo de control | CO-MdFUSB |
| 005 - FECHA Y HORA DE LA ULTIMA TRANSACCIÓN | |
| control field | 20230112082240.0 |
| 008 - ELEMENTOS DE LONGITUD FIJA -- INFORMACIÓN GENERAL | |
| Campo fijo de descripción fija -- Información general | 180613s1989 gt ||||| |||| 00| 0 spa d |
| 022 ## - NÚMERO INTERNACIONAL NORMALIZADO PARA PUBLICACIONES SERIADAS | |
| Número Internacional Normalizado para Publicaciones Seriadas | 1014-9341 |
| 040 ## - FUENTE DE CATALOGACIÓN | |
| Agencia Catalogadora | CO-MdFUSB |
| Idioma de catalogación | spa |
| Agencia que realiza la transcripción | CO-MdFUSB |
| Agencia que realiza la modificación | CO-MdFUSB |
| 041 ## - CÓDIGO DE IDIOMA | |
| Código de idioma para texto/pista de sonido o título separado | spa |
| 100 1# - ASIENTO PRINCIPAL--NOMBRE PERSONAL | |
| Nombre personal | Blaising, Craig A. |
| Término relacionador | autor |
| 245 10 - TÍTULO | |
| Título | Algunos cambios operados en la doctrina del dispensacionalismo por dispensacionalistas contemporáneos |
| Subtitulo | (primera de dos partes) |
| Mención de responsabilidad | / Craig A. Blaising |
| 300 ## - DESCRIPCIÓN FÍSICA | |
| Extensión | Número 4 (Enero - Junio, 1989), páginas 38-59 |
| Dimensiones | ; 22 cm |
| 520 ## - NOTA DE RESUMEN, ETC. | |
| Nota de sumario, etc. | La presente reflexión enfoca el lugar de las Sagradas Escrituras deben tener en la educación teológica, como Palabra de Dios. Incluye argumentos de la centralidad de las Escrituras, y sugiere algunas maneras prácticas de darle a la Biblia la prominencia que le corresponde. |
| 650 #7 - ASIENTO SECUNDARIO DE MATERIA - TERMINO TEMÁTICO | |
| 9 (RLIN) | 320 |
| Término temático o nombre geográfico como elemento de entrada | Teología bíblica |
| 650 #7 - ASIENTO SECUNDARIO DE MATERIA - TERMINO TEMÁTICO | |
| 9 (RLIN) | 213 |
| Término temático o nombre geográfico como elemento de entrada | Escatología |
| 653 ## - TÉRMINO DE INDIZACIÓN - NO CONTROLADO | |
| Término no controlado | Dispensacionalismo |
| 773 0# - ASIENTO DE ITEM FUENTE | |
| Título | Kairós |
| Biblionumber | 49489 |
| Itemnumber | 76486 |
| Parte(s) relacionada(s) / Volumen., número. (mes año), páginas | Número 4 (Enero - Junio, 1989), páginas 38-59 |
| Enumeración y primera página | página 38 |
| 942 ## - TIPO DE MATERIAL (KOHA) | |
| Tipo de Item KOHA | Artículos de Revista |
No hay ítems disponibles.
